Economía social de mercado
Salvato in:
| Autore principale: | |
|---|---|
| Natura: | Libro |
| Lingua: | spagnolo |
| Pubblicazione: |
Santiago
Gabriela Mistral
1974
|
| Serie: | Pensamiento Contemporáneo
|
| Soggetti: | |
| Tags: |
Aggiungi Tag
Nessun Tag, puoi essere il primo ad aggiungerne!!
|
MARC
| LEADER | 00000nam a2200000 a 4500 | ||
|---|---|---|---|
| 001 | UCR9724 | ||
| 003 | CL-VaPUC | ||
| 008 | 980613e19740000CL |||||||||||||||||spa|d | ||
| 082 | 0 | 4 | |a 330.124 |b PER |2 21 |
| 100 | 0 | |a Pérez de Arce, Hermógenes |e author |9 412556 | |
| 245 | 1 | 0 | |a Economía social de mercado |
| 300 | |a 136 p | ||
| 942 | |c BK | ||
| 945 | |d 19980613 00:00:00 |a crobeson | ||
| 260 | |a Santiago |b Gabriela Mistral |c 1974 | ||
| 650 | 0 | |a Socialismo |9 255260 | |
| 650 | 7 | |a ECONOMIAS PLANIFICADAS |2 CL-VaPUC |9 412557 | |
| 650 | 7 | |a SISTEMAS ECONOMICOS |2 CL-VaPUC |9 412558 | |
| 650 | 0 | |a Historia económica |9 307218 | |
| 583 | |a last modification |c 19980613 00:00:00 |k Rodrigo Vera | ||
| 490 | 0 | |a Pensamiento Contemporáneo | |
| 999 | |c 270901 |d 270899 | ||
| 952 | |0 0 |1 0 |4 0 |6 330_124000000000000_PER_1974 |7 0 |8 A |9 305356 |a BIBGIM |b BIBGIM |d 2019-11-20 |i 1418319 |o 330.124 PER 1974 |p 1418319 |r 2025-01-15 |w 2019-11-20 |y BK |k SSL | ||
| 952 | |0 0 |1 0 |4 0 |6 330_124000000000000_PER_1974 |7 0 |8 A |9 305357 |a BIBGIM |b BIBGIM |d 2019-11-20 |i 1434403 |o 330.124 PER 1974 |p 1434403 |r 2025-01-15 |w 2019-11-20 |y BK |k SSL | ||